000 00601nam a2200205Ia 4500
005 20250326145208.0
008 250326s9999 xx 000 0 und d
037 _aTextbook
040 _aFMSL
_beng
_cFMSL
041 _aeng
_2eng
084 _aL:4obX:8D Q1
_qFMSL
100 _aBaker J J
_9750817
245 0 _aHealth care fice: basic tools for nonficial managers
_cBaker J J; Baker R W
250 _a3
260 _aBoston
_bBoston, Jones And Bartlett
_c2011
365 _b2632.5100000000002
650 _aManagement
942 _cTB
_hL:4obX:8D Q1
999 _c1306711
_d1306711